| 000 | 00768nab a2200241u 4500 | ||
|---|---|---|---|
| 001 | 23701 | ||
| 003 | HDC | ||
| 007 | c| |||a|c|aaaa | ||
| 008 | 210318b20170406my ||||| |||| 00| 0 may d | ||
| 040 | _aHDC | ||
| 100 |
_aAsmaini Mohd Pilus / _eAuthor _920117 |
||
| 245 | 0 |
_aSeragam sijil halal / _cAsmaini Mohd Pilus |
|
| 336 |
_atext _2rdacontent |
||
| 337 |
_acomputer _2rdamedia |
||
| 338 |
_aonline resource _2rdacarrier |
||
| 650 |
_ahalal certificate _9482 |
||
| 650 |
_aHalal standards _92716 |
||
| 710 | _aHARIAN METRO | ||
| 856 | _zRequest full-text at [email protected] | ||
| 942 | _2lcc | ||
| 942 | _cNEWS | ||
| 942 | _kNWSC 00517824 | ||
| 999 |
_c21017 _d21017 |
||